[Event "TCh-CHN 2017"]
[Site "China CHN"]
[Date "2017.11.04"]
[Round "18.1"]
[Board "5"]
[White "Zhai, Mo"]
[Black "Wang, Jue"]
[Result "1/2-1/2"]
[WhiteTitle "WGM"]
[BlackTitle "WGM"]
[WhiteElo "2302"]
[BlackElo "2359"]
[WhiteTeam "Hebei"]
[BlackTeam "Beijing"]
[WhiteFideId "8600201"]
[BlackFideId "8604070"]
[EventDate "2017.04.18"]

1. d4 d5 2. c4 c6 3. Nf3 Nf6 4. Nc3 e6 5. Bg5 Nbd7 6. e3 Qa5 7. Nd2 Bb4 8. Qc2
O-O 9. Be2 c5 10. Bxf6 Nxf6 11. Nb3 Qc7 12. dxc5 dxc4 13. Bxc4 Bxc5 14. Bd3 Bd7
15. Nxc5 Qxc5 16. O-O Rac8 17. Rac1 Rfd8 18. Qb1 Bc6 19. Rfd1 h6 20. Ne4 Qe7 21.
Nxf6+ Qxf6 22. h3 Qe5 23. Rc3 Ba4 24. Bc2 Bxc2 25. Rxd8+ Rxd8 26. Qxc2 Qd5 27.
Rc8 Rxc8 28. Qxc8+ Kh7 29. Qc2+ Kg8 30. Qc8+ Kh7 31. Qc2+ 1/2-1/2

[Event "TCh-CHN 2017"]
[Site "China CHN"]
[Date "2017.11.04"]
[Round "18.2"]
[Board "1"]
[White "Yu, Ruiyuan"]
[Black "Bu, Xiangzhi"]
[Result "0-1"]
[WhiteTitle "GM"]
[BlackTitle "GM"]
[WhiteElo "2499"]
[BlackElo "2730"]
[WhiteTeam "Jiangsu"]
[BlackTeam "Shandong"]
[WhiteFideId "8603090"]
[BlackFideId "8601445"]
[EventDate "2017.04.18"]

1. e4 c5 2. Nf3 e6 3. d4 cxd4 4. Nxd4 a6 5. c4 Nf6 6. Nc3 Qc7 7. a3 b6 8. Be3
Bb7 9. f3 Nc6 10. Rc1 Nxd4 11. Bxd4 Bd6 12. g3 O-O 13. Be2 Be5 14. O-O d6 15.
Qd2 Nd7 16. b4 Rad8 17. Rcd1 Qc6 18. Bxe5 Nxe5 19. Qd4 Rc8 20. Qxd6 Nxc4 21.
Qxc6 Rxc6 22. Bxc4 Rxc4 23. Na4 Rc6 24. Rf2 f5 25. exf5 Rxf5 26. Rd8+ Rf8 27.
Rfd2 e5 28. f4 exf4 29. gxf4 h5 30. Kf2 Rxd8 31. Rxd8+ Kh7 32. Rb8 Rc2+ 33. Ke3
Bc6 34. Nxb6 Rxh2 35. Rc8 Rh3+ 36. Kd4 Bg2 37. Nc4 Rf3 38. Ke5 h4 39. Nd6 h3 40.
Nf7 Kg6 41. Nh8+ Kh5 42. Nf7 Re3+ 0-1

[Event "TCh-CHN 2017"]
[Site "China CHN"]
[Date "2017.11.04"]
[Round "18.2"]
[Board "2"]
[White "Wei, Yi"]
[Black "Zhao, Jun"]
[Result "1-0"]
[WhiteTitle "GM"]
[BlackTitle "GM"]
[WhiteElo "2743"]
[BlackElo "2604"]
[WhiteTeam "Jiangsu"]
[BlackTeam "Shandong"]
[WhiteFideId "8603405"]
[BlackFideId "8602522"]
[EventDate "2017.04.18"]

1. d4 Nf6 2. c4 e6 3. g3 d5 4. Bg2 Bb4+ 5. Nc3 O-O 6. a3 Bxc3+ 7. bxc3 c6 8. Nf3
b6 9. Bg5 Nbd7 10. Ne5 Qc7 11. Nxd7 Nxd7 12. Bf4 Qd8 13. cxd5 cxd5 14. c4 Bb7
15. cxd5 Bxd5 16. e4 Bb7 17. O-O Nf6 18. Re1 Qd7 19. g4 Rfd8 20. g5 Ne8 21. Be5
Nd6 22. Qg4 Kh8 23. Re3 Nc4 24. Rh3 Nxe5 25. Qh5 h6 26. dxe5 Qe7 27. Qh4 Rd7 28.
Qf4 Rad8 29. Bf3 Rd3 30. Rc1 R8d7 31. gxh6 g6 32. Rg3 Kh7 33. h4 Qf8 34. Kg2
Qxh6 35. Rg5 Kg7 36. h5 Rxf3 37. Kxf3 Rd3+ 38. Ke2 Ba6 39. Ke1 Rf3 40. Qxf3 Qxg5
41. Qf6+ 1-0

[Event "TCh-CHN 2017"]
[Site "China CHN"]
[Date "2017.11.04"]
[Round "18.2"]
[Board "3"]
[White "Lin, Chen"]
[Black "Wen, Yang"]
[Result "1/2-1/2"]
[WhiteTitle "GM"]
[BlackTitle "GM"]
[WhiteElo "2477"]
[BlackElo "2605"]
[WhiteTeam "Jiangsu"]
[BlackTeam "Shandong"]
[WhiteFideId "8602298"]
[BlackFideId "8602956"]
[EventDate "2017.04.18"]

1. e4 e5 2. Nf3 Nc6 3. Nc3 Nf6 4. Bb5 Bb4 5. O-O O-O 6. Bxc6 dxc6 7. Nxe5 Re8 8.
Nd3 Bxc3 9. dxc3 Nxe4 10. Bf4 Ng5 11. Re1 Ne6 12. Bg3 b6 13. Nf4 Nxf4 14. Bxf4
Qxd1 15. Raxd1 Bf5 16. Rxe8+ Rxe8 17. Bxc7 Bxc2 18. Rd8 Rxd8 19. Bxd8 Kf8 20.
Kf1 Ke8 21. Bg5 b5 22. Ke2 a5 23. b4 axb4 24. cxb4 Be4 25. g3 Bd5 26. a3 f6 27.
Be3 h5 28. h4 Kf7 29. Bc5 Bc4+ 30. Ke3 Bd5 1/2-1/2

[Event "TCh-CHN 2017"]
[Site "China CHN"]
[Date "2017.11.04"]
[Round "18.2"]
[Board "4"]
[White "Zhang, Lanlin"]
[Black "Guo, Qi"]
[Result "1/2-1/2"]
[BlackTitle "IM"]
[WhiteElo "2183"]
[BlackElo "2396"]
[WhiteTeam "Shandong"]
[BlackTeam "Jiangsu"]
[WhiteFideId "8608032"]
[BlackFideId "8604002"]
[EventDate "2017.04.18"]

1. e4 e5 2. Nf3 Nc6 3. Bb5 a6 4. Ba4 Nge7 5. O-O g6 6. c3 Bg7 7. d4 exd4 8. cxd4
b5 9. Bb3 O-O 10. Nc3 d6 11. h3 Na5 12. Bc2 Bb7 13. Re1 c5 14. d5 Nc4 15. Rb1
Re8 16. Ne2 Nc8 17. b3 Ne5 18. Nh2 Nd7 19. Ng4 Qe7 20. Ng3 Ncb6 21. Be3 Qf8 22.
Qd2 h5 23. Nh2 b4 24. Qd1 Bc3 25. Bd2 Bxd2 26. Qxd2 a5 27. f4 a4 28. Bd3 axb3
29. axb3 Qg7 30. Nf3 Ra5 31. Kh1 Rea8 32. f5 Ra1 33. Qf4 Rxb1 34. Rxb1 Qf6 35.
Bb5 Ra1 36. Rxa1 Qxa1+ 37. Kh2 Qf6 38. Nd2 h4 39. Ngf1 Qe5 40. Qxe5 Nxe5 41. Ne3
Bc8 42. fxg6 fxg6 43. g3 g5 44. gxh4 gxh4 45. Ng2 Ng6 46. Be8 Ne5 47. Nxh4 c4
48. bxc4 Nbxc4 49. Nb3 Ne3 50. Kg3 Kf8 51. Bb5 Nd1 52. Bf1 Bd7 53. Nf3 Nxf3 54.
Kxf3 Ba4 55. Nd2 b3 56. Bd3 b2 57. h4 Nc3 58. Kf4 Bd1 59. Kg5 Be2 60. Bc2 Bd1
61. Bd3 Be2 62. Bc2 Nb5 63. Kf6 Na3 64. Bb1 Nxb1 65. Nxb1 Bd3 66. Nc3 Bxe4 67.
Ke6 b1=Q 68. Nxb1 Bxb1 69. Kxd6 1/2-1/2

[Event "TCh-CHN 2017"]
[Site "China CHN"]
[Date "2017.11.04"]
[Round "18.3"]
[Board "1"]
[White "Zhou, Jianchao"]
[Black "Moiseenko, Alexander"]
[Result "1-0"]
[WhiteTitle "GM"]
[BlackTitle "GM"]
[WhiteElo "2597"]
[BlackElo "2667"]
[WhiteTeam "Shanghai"]
[BlackTeam "Chengdu"]
[WhiteFideId "8603537"]
[BlackFideId "14102560"]
[EventDate "2017.04.18"]

1. Nf3 d5 2. e3 c5 3. b3 Nf6 4. Bb2 g6 5. c4 dxc4 6. bxc4 Bg7 7. Be2 O-O 8. O-O
Nc6 9. Ne5 Nxe5 10. Bxe5 Bd7 11. Qc2 Bc6 12. d3 Ne8 13. Bc3 Qd7 14. a4 Nc7 15.
Bxg7 Kxg7 16. Qb2+ f6 17. d4 cxd4 18. exd4 e6 19. a5 Qd6 20. Rd1 Rad8 21. Nc3
Rf7 22. Rd3 Na6 23. Rad1 Qb4 24. Qa1 Qd6 25. Re3 Nc7 26. h4 Rfd7 27. h5 Qf4 28.
Qa3 Rxd4 29. Qe7+ Kg8 30. Rxd4 Rxd4 31. g3 Qd6 32. Qxf6 Ne8 33. Qg5 Kf7 34. Bf3
Rxc4 35. Ne4 Qd4 36. Qh6 Qg7 37. Qf4+ Ke7 38. Qg5+ Nf6 39. Nc5 Bxf3 40. Rxf3 Kd6
41. h6 Qe7 42. Nxb7+ Qxb7 43. Qxf6 Qd5 44. Qd8+ Kc6 45. Qxd5+ exd5 46. Rf7 d4
47. Kf1 d3 48. Ke1 Rc2 49. Rxa7 Re2+ 50. Kd1 Rxf2 51. Rxh7 Kb5 52. Rg7 Rh2 53.
Rxg6 Kxa5 54. Rd6 Kb4 55. Rxd3 Kc5 56. Ke1 Rxh6 57. Kf2 Rg6 58. Kf3 Rg8 59. g4
Kc6 60. Kf4 Rf8+ 61. Ke5 Rg8 62. Kf5 Rf8+ 63. Ke6 Rg8 64. Rc3+ Kb5 65. Rg3 Kc5
66. g5 Rg6+ 67. Kf7 Ra6 68. g6 Ra7+ 69. Ke6 1-0

[Event "TCh-CHN 2017"]
[Site "China CHN"]
[Date "2017.11.04"]
[Round "18.3"]
[Board "2"]
[White "Vidit, Santosh Gujrathi"]
[Black "Liu, Guanchu"]
[Result "1-0"]
[WhiteTitle "GM"]
[BlackTitle "IM"]
[WhiteElo "2715"]
[BlackElo "2462"]
[WhiteTeam "Shanghai"]
[BlackTeam "Chengdu"]
[WhiteFideId "5029465"]
[BlackFideId "8603901"]
[EventDate "2017.04.18"]

1. d4 Nf6 2. c4 e6 3. g3 c5 4. d5 exd5 5. cxd5 b5 6. e4 Nxe4 7. Bg2 Nd6 8. Bf4
Be7 9. Nf3 O-O 10. O-O Bb7 11. Re1 Na6 12. Nc3 b4 13. Bxd6 Bxd6 14. Ne4 Be7 15.
d6 Bf6 16. Nxf6+ Qxf6 17. Ne5 Bxg2 18. Kxg2 Rad8 19. Qa4 Nb8 20. Rad1 Qf5 21.
Qxa7 f6 22. Nd3 Rc8 23. Qa5 Qd5+ 24. Kg1 Nc6 25. Qxc5 Qxc5 26. Nxc5 Ne5 27. Rxe5
fxe5 28. Nxd7 Rfe8 29. Nf6+ gxf6 30. d7 Red8 31. dxc8=Q Rxc8 32. Rd3 Ra8 33. Rb3
Ra4 34. Kf1 h5 35. Ke2 Kg7 36. Kd3 h4 37. gxh4 Kg6 38. Ke4 Rxa2 39. Rxb4 Ra1 40.
h5+ Kg5 41. h4+ Kxh5 42. Kf5 Ra6 43. Rb7 1-0

[Event "TCh-CHN 2017"]
[Site "China CHN"]
[Date "2017.11.04"]
[Round "18.3"]
[Board "3"]
[White "Ni, Hua"]
[Black "Zhao, Yuanhe"]
[Result "1/2-1/2"]
[WhiteTitle "GM"]
[WhiteElo "2671"]
[BlackElo "2394"]
[WhiteTeam "Shanghai"]
[BlackTeam "Chengdu"]
[WhiteFideId "8601160"]
[BlackFideId "8609497"]
[EventDate "2017.04.18"]

1. d4 d5 2. c4 c6 3. Nf3 Nf6 4. Qc2 dxc4 5. Qxc4 g6 6. Bf4 Bg7 7. e3 Be6 8. Qc1
O-O 9. Nbd2 Nbd7 10. e4 Bg4 11. Be2 Nh5 12. Bg5 h6 13. Be3 e5 14. dxe5 Bxf3 15.
Nxf3 Nxe5 16. O-O Ng4 17. Bd2 Qb6 18. Qc2 Rfe8 19. Rab1 Re7 20. Bc4 Kh7 21. g3
Nhf6 22. Rbe1 Nd7 23. h3 Nge5 24. Nxe5 Nxe5 25. Be2 Nd7 26. b3 Rae8 27. Bd1 Qd4
28. Bf3 Ne5 29. Be2 Nd7 30. Bf3 Ne5 31. Be2 Nd7 1/2-1/2

[Event "TCh-CHN 2017"]
[Site "China CHN"]
[Date "2017.11.04"]
[Round "18.3"]
[Board "4"]
[White "Khademalsharieh, Sarasadat"]
[Black "Ni, Shiqun"]
[Result "1/2-1/2"]
[WhiteTitle "IM"]
[BlackTitle "WGM"]
[WhiteElo "2406"]
[BlackElo "2441"]
[WhiteTeam "Chengdu"]
[BlackTeam "Shanghai"]
[WhiteFideId "12512214"]
[BlackFideId "8608466"]
[EventDate "2017.04.18"]

1. d4 Nf6 2. c4 g6 3. Nf3 Bg7 4. g3 c6 5. Bg2 d5 6. Qb3 a5 7. cxd5 a4 8. Qd1
cxd5 9. O-O O-O 10. Ne5 Bf5 11. Nc3 Ne4 12. Nxa4 Qa5 13. Nc3 Nxc3 14. bxc3 Qxc3
15. Be3 Rd8 16. Rc1 Qb4 17. Nd3 Bxd3 18. Qxd3 Rxa2 19. Bxd5 Rb2 20. Bg2 Qd6 21.
Rfd1 Nc6 22. Bxc6 bxc6 23. Qa6 Qd5 24. Qxc6 Qxc6 25. Rxc6 Rxe2 26. d5 Bf6 27. d6
exd6 28. Rcxd6 Rxd6 29. Rxd6 Kg7 30. Kf1 Ra2 1/2-1/2

[Event "TCh-CHN 2017"]
[Site "China CHN"]
[Date "2017.11.04"]
[Round "18.3"]
[Board "5"]
[White "Ren, Xiaoyi"]
[Black "Ju, Wenjun"]
[Result "0-1"]
[BlackTitle "GM"]
[WhiteElo "2254"]
[BlackElo "2567"]
[WhiteTeam "Chengdu"]
[BlackTeam "Shanghai"]
[WhiteFideId "8608709"]
[BlackFideId "8603006"]
[EventDate "2017.04.18"]

1. d4 d6 2. Nf3 Nf6 3. c4 g6 4. Nc3 Bf5 5. Nh4 Bd7 6. e4 e5 7. dxe5 dxe5 8. Nf3
Nc6 9. Be2 Bg7 10. O-O O-O 11. Be3 Ng4 12. Bc5 Re8 13. h3 b6 14. Ba3 Nf6 15. c5
Nd4 16. Bc4 Be6 17. Bxe6 Rxe6 18. Re1 Nd7 19. Rc1 Bh6 20. Rb1 Nxc5 21. b4 Nb7
22. Nd5 c6 23. Ne3 Bg7 24. Nc2 Nxf3+ 25. Qxf3 Nd6 26. Rbd1 Qc7 27. Rd3 Rd8 28.
Red1 Ree8 29. Qg4 h5 30. Qh4 Nb7 31. Rxd8 Rxd8 32. Rxd8+ Nxd8 33. Qg3 Qd6 34.
Qc3 Ne6 35. Ne3 Nd4 36. Qe1 Qe6 37. Qa1 f5 38. exf5 gxf5 39. Bb2 f4 40. Nf1 f3
41. Bxd4 exd4 42. Qd1 fxg2 43. Kxg2 Qg6+ 44. Kh1 Qf5 45. Qb3+ Kh7 46. Qg3 c5 47.
bxc5 bxc5 48. Nd2 c4 49. Nf3 Bf6 50. h4 Kh6 51. Ng5 Qg4 52. Nf7+ Kg6 53. Qc7
Qxh4+ 54. Kg1 Qg4+ 55. Kf1 Qh3+ 56. Kg1 Qe6 57. Nd8 Qe7 58. Qxc4 Qxd8 59. Qd3+
Kg7 60. f4 Qe7 61. Qf5 Qe1+ 62. Kg2 Qe2+ 63. Kh1 Qf3+ 64. Kh2 d3 65. Qd7+ Kh6
66. Qd6 Kg6 67. a4 h4 68. Qb8 Qg3+ 69. Kh1 Qh3+ 0-1

[Event "TCh-CHN 2017"]
[Site "China CHN"]
[Date "2017.11.04"]
[Round "18.4"]
[Board "2"]
[White "Jakovenko, Dmitry"]
[Black "Lan, Zilun"]
[Result "1-0"]
[WhiteTitle "GM"]
[WhiteElo "2730"]
[BlackElo "2361"]
[WhiteTeam "Hangzhou"]
[BlackTeam "Zhejiang"]
[WhiteFideId "4122356"]
[BlackFideId "8604193"]
[EventDate "2017.04.18"]

1. e4 c6 2. d4 d5 3. e5 Bf5 4. Nf3 e6 5. Be2 Nd7 6. O-O Ne7 7. Nbd2 h6 8. c3 g5
9. Re1 Bg7 10. Nf1 Bg6 11. Bd3 Bxd3 12. Qxd3 Ng6 13. h3 Qe7 14. Ng3 O-O-O 15. a4
Rhg8 16. a5 a6 17. c4 f5 18. cxd5 cxd5 19. b4 g4 20. Ba3 gxf3 21. b5 Qg5 22.
bxa6 Ndxe5 23. Qb5 bxa6 24. Rec1+ 1-0

[Event "TCh-CHN 2017"]
[Site "China CHN"]
[Date "2017.11.04"]
[Round "18.4"]
[Board "3"]
[White "Ma, Qun"]
[Black "Lu, Shanglei"]
[Result "1/2-1/2"]
[WhiteTitle "GM"]
[BlackTitle "GM"]
[WhiteElo "2638"]
[BlackElo "2641"]
[WhiteTeam "Hangzhou"]
[BlackTeam "Zhejiang"]
[WhiteFideId "8603154"]
[BlackFideId "8603332"]
[EventDate "2017.04.18"]

1. d4 d5 2. c4 e6 3. Nc3 Nf6 4. cxd5 Nxd5 5. e4 Nxc3 6. bxc3 c5 7. Nf3 cxd4 8.
cxd4 Bb4+ 9. Bd2 Bxd2+ 10. Qxd2 O-O 11. Bc4 b6 12. O-O Bb7 13. d5 exd5 14. Bxd5
Bxd5 15. exd5 Qd6 16. Rac1 Rd8 17. Rfd1 Na6 18. Rc6 Qxc6 19. dxc6 Rxd2 20. Rxd2
Rc8 21. Rd7 Nb8 22. Rxa7 Nxc6 23. Ra3 Nd4 24. g3 Nxf3+ 25. Rxf3 Ra8 26. Rb3 Rxa2
27. Rxb6 Ra1+ 28. Kg2 g6 29. h4 h5 30. Rb4 Kg7 1/2-1/2

[Event "TCh-CHN 2017"]
[Site "China CHN"]
[Date "2017.11.04"]
[Round "18.4"]
[Board "4"]
[White "Zhu, Jiner"]
[Black "Gu, Tianlu"]
[Result "0-1"]
[BlackTitle "WIM"]
[WhiteElo "2324"]
[BlackElo "2197"]
[WhiteTeam "Zhejiang"]
[BlackTeam "Hangzhou"]
[WhiteFideId "8608059"]
[BlackFideId "8603995"]
[EventDate "2017.04.18"]

1. e4 c5 2. Nf3 Nc6 3. d4 cxd4 4. Nxd4 g6 5. c4 Nf6 6. Nc3 Nxd4 7. Qxd4 d6 8.
Be3 Bg7 9. Be2 O-O 10. Qd2 a5 11. Rd1 a4 12. e5 Ng4 13. exd6 Nxe3 14. Qxe3 exd6
15. c5 Qa5 16. cxd6 a3 17. O-O axb2 18. Nd5 Bf5 19. Ne7+ Kh8 20. Nxf5 Qxf5 21.
Qb3 Rfd8 22. Bc4 Qc5 23. Rd5 Qc6 24. Bb5 Qc3 25. Qxc3 Bxc3 26. a4 Rac8 27. d7
Rc7 28. Rb1 Bf6 29. g3 Rc2 30. Kg2 Kg7 31. Rdd1 Bg5 32. Re1 Rd2 33. Kf3 Bf6 34.
Re4 Bd4 35. Re2 Rxe2 36. Kxe2 h5 37. Kd3 Bf6 38. Kc4 Kf8 39. Kc5 Bc3 40. Kb6 Ke7
41. Rd1 Bd2 42. Kc7 Rxd7+ 43. Kc8 Rd8+ 44. Kxb7 Bc1 45. Rxd8 b1=Q 46. Rd7+ Ke6
47. Rc7 Bd2 48. Ka6 Qb4 49. Rc6+ Ke7 50. Rc4 Qd6+ 51. Rc6 Qb8 52. h4 Qa8+ 53.
Kb6 Ba5+ 54. Kc5 Qa7+ 0-1

[Event "TCh-CHN 2017"]
[Site "China CHN"]
[Date "2017.11.04"]
[Round "18.4"]
[Board "5"]
[White "Ding, Yixin"]
[Black "Harika, Dronavalli"]
[Result "1/2-1/2"]
[WhiteTitle "WGM"]
[BlackTitle "GM"]
[WhiteElo "2424"]
[BlackElo "2504"]
[WhiteTeam "Zhejiang"]
[BlackTeam "Hangzhou"]
[WhiteFideId "8602972"]
[BlackFideId "5015197"]
[EventDate "2017.04.18"]

1. d4 c5 2. c3 Nf6 3. Bf4 Qb6 4. Qc2 cxd4 5. cxd4 Nc6 6. e3 d6 7. Nf3 e5 8. Bg5
Be7 9. dxe5 dxe5 10. Nc3 O-O 11. Bc4 Qc5 12. Bxf6 Bxf6 13. Ne4 Qb4+ 14. Nfd2 Bd8
15. O-O Kh8 16. Nc3 f5 17. Rad1 Qe7 18. Nd5 Qe8 19. Nb3 b6 20. Bb5 Bb7 21. Rc1
Rc8 22. Nb4 Nxb4 23. Qxc8 Bxc8 24. Bxe8 Ba6 25. Bd7 Bxf1 26. Kxf1 Nd3 27. Rc8 g6
28. Ke2 e4 29. Nd4 Be7 30. Nc6 Rxc8 31. Bxc8 Bf6 32. Nxa7 Bxb2 33. Be6 Kg7 34.
f3 Nc5 35. Bc4 Be5 36. h3 exf3+ 1/2-1/2

[Event "TCh-CHN 2017"]
[Site "China CHN"]
[Date "2017.11.04"]
[Round "18.5"]
[Board "1"]
[White "Zeng, Chongsheng"]
[Black "Dai, Changren"]
[Result "1-0"]
[WhiteTitle "GM"]
[WhiteElo "2547"]
[BlackElo "2437"]
[WhiteTeam "Chongqing"]
[BlackTeam "Tianjin"]
[WhiteFideId "8603847"]
[BlackFideId "8608156"]
[EventDate "2017.04.18"]

1. e4 e5 2. Nf3 Nc6 3. Bc4 Bc5 4. c3 Nf6 5. d4 exd4 6. e5 d5 7. Bb5 Ne4 8. cxd4
Bb6 9. Nc3 O-O 10. Be3 Bg4 11. Qc2 Bf5 12. Qb3 Nxc3 13. Bxc6 Ba5 14. bxc3 bxc6
15. Qa3 Bb6 16. O-O Be4 17. Nd2 Bd3 18. Rfc1 f6 19. exf6 Qxf6 20. Re1 Rae8 21.
f3 Qd6 22. Qc1 c5 23. Nb3 cxd4 24. cxd4 Qg6 25. Kh1 c6 26. Nc5 Ba5 27. Rg1 Be2
28. Nd7 Rxf3 29. Ne5 Rxe5 30. dxe5 Qe4 31. Qxc6 Qxe5 32. Bd4 Qxd4 33. Qe6+ Rf7
34. Qxe2 Qe4 35. Qa6 Bb6 36. Rae1 Be3 37. Rgf1 Rxf1+ 38. Rxf1 h6 39. Qc8+ Kh7
40. Qf5+ Qxf5 41. Rxf5 d4 42. Rd5 Kg6 43. g3 Kf6 44. Kg2 g6 45. Kf3 Bg1 46. Ra5
h5 47. Ke4 1-0

[Event "TCh-CHN 2017"]
[Site "China CHN"]
[Date "2017.11.04"]
[Round "18.5"]
[Board "2"]
[White "Zhou, Weiqi"]
[Black "Malakhov, Vladimir"]
[Result "1/2-1/2"]
[WhiteTitle "GM"]
[BlackTitle "GM"]
[WhiteElo "2613"]
[BlackElo "2686"]
[WhiteTeam "Chongqing"]
[BlackTeam "Tianjin"]
[WhiteFideId "8601674"]
[BlackFideId "4120787"]
[EventDate "2017.04.18"]

1. d4 d5 2. c4 c6 3. Nf3 Nf6 4. Nc3 a6 5. a4 e6 6. Bg5 a5 7. e3 Be7 8. Be2 Na6
9. O-O O-O 10. Qb3 Nb4 11. Na2 Nxa2 12. Qxa2 b6 13. Ne5 Bb7 14. Qb3 Rb8 15. Rfd1
c5 16. Qb5 Qc7 17. cxd5 Bxd5 18. Bf3 cxd4 19. Bxf6 Bxf6 20. Nd7 Bc4 21. Qc6 Qxc6
22. Bxc6 dxe3 23. fxe3 Bxb2 24. Rab1 Ba3 25. Nxb8 Rxb8 26. Rd4 Ba6 27. Rbd1 g6
28. Rd8+ Rxd8 29. Rxd8+ Kg7 30. Rd7 Bc5 31. Kf2 Bc4 32. Rb7 Kf8 33. g4 g5 34.
Kf3 Bb3 35. Rd7 h6 36. Bb5 Bb4 37. Ke2 Bd5 38. Kf2 Bc5 39. h3 Be4 40. Ke2 Bg2
41. Kf2 Be4 42. Ke2 Bg2 43. Kf2 1/2-1/2

[Event "TCh-CHN 2017"]
[Site "China CHN"]
[Date "2017.11.04"]
[Round "18.5"]
[Board "3"]
[White "Andreikin, Dmitry"]
[Black "Wang, Yue"]
[Result "1/2-1/2"]
[WhiteTitle "GM"]
[BlackTitle "GM"]
[WhiteElo "2712"]
[BlackElo "2690"]
[WhiteTeam "Chongqing"]
[BlackTeam "Tianjin"]
[WhiteFideId "4158814"]
[BlackFideId "8601429"]
[EventDate "2017.04.18"]

1. e4 e5 2. Nf3 Nf6 3. Nxe5 d6 4. Nf3 Nxe4 5. Bd3 Nf6 6. O-O Be7 7. c3 O-O 8.
Bc2 Bg4 9. d4 Nbd7 10. Bf4 Re8 11. Nbd2 Bf8 12. Bd3 c6 13. h3 Bh5 14. Qb3 Bxf3
15. Nxf3 Qb6 16. Qc2 g6 17. a4 a5 18. Rae1 Rxe1 19. Rxe1 Re8 20. Rxe8 Nxe8 21.
h4 Ndf6 22. Qe2 Qd8 23. g3 Ng7 24. Ng5 Qe7 25. Qd1 Ne6 26. Bd2 Nxg5 27. Bxg5 Bg7
28. h5 Qe6 29. hxg6 hxg6 30. Qe2 Qxe2 31. Bxe2 Kf8 32. Kf1 Ke8 33. Bd3 Kd7 34.
Ke2 d5 35. Kf3 Ne8 36. Bf1 Bf6 37. Bh3+ Kd8 38. Bf4 Be7 39. Ke2 Nd6 40. Bg2 Kd7
41. Bh3+ Kd8 42. Bg2 Kd7 43. Kd3 f5 44. Bd2 Ke6 45. Bf4 b5 46. Bxd6 1/2-1/2

[Event "TCh-CHN 2017"]
[Site "China CHN"]
[Date "2017.11.04"]
[Round "18.5"]
[Board "5"]
[White "Xiao, Yiyi"]
[Black "Tan, Zhongyi"]
[Result "1/2-1/2"]
[WhiteTitle "WFM"]
[BlackTitle "GM"]
[WhiteElo "2311"]
[BlackElo "2517"]
[WhiteTeam "Tianjin"]
[BlackTeam "Chongqing"]
[WhiteFideId "8606161"]
[BlackFideId "8603642"]
[EventDate "2017.04.18"]

1. d4 Nf6 2. c4 e6 3. g3 Bb4+ 4. Bd2 c5 5. Bg2 O-O 6. Bxb4 cxb4 7. Nf3 a5 8. a3
Na6 9. O-O d6 10. axb4 Nxb4 11. Nc3 Qc7 12. b3 Rd8 13. Qc1 b6 14. Qf4 Bb7 15. e4
Rac8 16. e5 dxe5 17. Nxe5 Bxg2 18. Kxg2 Qb7+ 19. Qf3 Qxf3+ 20. Nxf3 g5 21. Nxg5
Rxd4 22. Rfd1 Rcd8 23. Rxd4 Rxd4 24. c5 Nbd5 25. Nf3 Rd3 26. Nxd5 Nxd5 27. cxb6
Rxb3 28. Rxa5 Rxb6 29. Ra7 Rb5 30. Ng5 Ne3+ 31. fxe3 1/2-1/2

[Event "TCh-CHN 2017"]
[Site "China CHN"]
[Date "2017.11.04"]
[Round "18.6"]
[Board "1"]
[White "Ivanchuk, Vassily"]
[Black "Xu, Zhihang"]
[Result "1/2-1/2"]
[WhiteTitle "GM"]
[BlackTitle "FM"]
[WhiteElo "2726"]
[BlackElo "2373"]
[WhiteTeam "Shenzhen"]
[BlackTeam "Qingdao"]
[WhiteFideId "14100010"]
[BlackFideId "8611572"]
[EventDate "2017.04.18"]

1. e4 e6 2. Qe2 c5 3. Nf3 Nc6 4. g3 Nf6 5. Bg2 d5 6. d3 Be7 7. O-O O-O 8. e5 Nd7
9. c4 d4 10. h4 h6 11. Re1 Rb8 12. Bf4 a6 13. Nbd2 b5 14. b3 bxc4 15. bxc4 Rb2
16. Reb1 Rxb1+ 17. Rxb1 Qa5 18. Ne4 Nb4 19. Rb2 Bb7 20. Nh2 Bc6 21. Rd2 Rc8 22.
Ng4 Bxe4 23. Bxe4 Kf8 24. Rb2 Ke8 25. Nh2 Nb6 26. Rb3 Na4 27. a3 Nc3 28. Qb2
Nxe4 29. axb4 cxb4 30. dxe4 Rxc4 31. Nf3 Bc5 32. Bd2 Qb5 33. Rd3 Qc6 34. Qb3 Qb5
35. Qb2 Qc6 36. Qb3 1/2-1/2

[Event "TCh-CHN 2017"]
[Site "China CHN"]
[Date "2017.11.04"]
[Round "18.6"]
[Board "2"]
[White "Wang, Hao"]
[Black "Fang, Yuxiang"]
[Result "1-0"]
[WhiteTitle "GM"]
[BlackTitle "GM"]
[WhiteElo "2709"]
[BlackElo "2497"]
[WhiteTeam "Shenzhen"]
[BlackTeam "Qingdao"]
[WhiteFideId "8602883"]
[BlackFideId "8605840"]
[EventDate "2017.04.18"]

1. e4 e5 2. Nf3 Nc6 3. Bc4 Nf6 4. Ng5 d5 5. exd5 Na5 6. Bb5+ c6 7. dxc6 bxc6 8.
Bd3 h6 9. Ne4 Nd5 10. O-O Be7 11. Ng3 O-O 12. Bf5 c5 13. Nc3 Nxc3 14. dxc3 Qxd1
15. Rxd1 Bb7 16. Rd7 Rfe8 17. Be3 g6 18. Be4 Bxe4 19. Nxe4 f5 20. Bxc5 Kf7 21.
Bb4 Nc4 22. Nd6+ Nxd6 23. Bxd6 Ke6 24. Rxe7+ Rxe7 25. Bxe7 Kxe7 26. Rd1 Ke6 27.
f3 g5 28. c4 h5 29. Kf2 g4 30. c5 Rb8 31. b3 Rb5 32. Rd6+ 1-0

[Event "TCh-CHN 2017"]
[Site "China CHN"]
[Date "2017.11.04"]
[Round "18.6"]
[Board "3"]
[White "Liu, Qingnan"]
[Black "Ma, Zhonghan"]
[Result "1-0"]
[WhiteTitle "GM"]
[BlackTitle "IM"]
[WhiteElo "2522"]
[BlackElo "2471"]
[WhiteTeam "Shenzhen"]
[BlackTeam "Qingdao"]
[WhiteFideId "8603294"]
[BlackFideId "8607206"]
[EventDate "2017.04.18"]

1. c4 Nf6 2. g3 c6 3. Nf3 d5 4. b3 Bg4 5. Bg2 Nbd7 6. Bb2 e6 7. O-O Bd6 8. d3
O-O 9. Nbd2 Qe7 10. a3 a5 11. Re1 Rfe8 12. h3 Bh5 13. Nh4 Qf8 14. Nf1 e5 15. Ne3
Bc5 16. Nef5 Bg6 17. e4 dxe4 18. dxe4 Bxf5 19. Nxf5 g6 20. Nh4 Qd6 21. Qc2 Rad8
22. Nf3 Nh5 23. Bc3 Bxa3 24. Bxa5 b6 25. Bc3 Bb4 26. Red1 Qc5 27. Ra7 Bxc3 28.
Qxc3 Nhf6 29. b4 Qe7 30. g4 Ra8 31. Qa1 Rxa7 32. Qxa7 h6 33. Qc7 c5 34. b5 Ra8
35. h4 g5 36. hxg5 hxg5 37. Nxg5 Nxg4 38. Nf3 Ngf6 39. Bh3 Ra3 40. Kg2 Qf8 41.
Rg1 Rd3 42. Bf5 Qe7 43. Qc8+ Nf8 44. Nxe5 Rd8 45. Nc6 Qxe4+ 46. Bxe4 Rxc8 47.
Ne7+ Kh8 48. Nxc8 Nxe4 49. Nxb6 1-0

[Event "TCh-CHN 2017"]
[Site "China CHN"]
[Date "2017.11.04"]
[Round "18.6"]
[Board "4"]
[White "Hong, Xing"]
[Black "Huang, Qian"]
[Result "0-1"]
[BlackTitle "WGM"]
[WhiteElo "2017"]
[BlackElo "2438"]
[WhiteTeam "Qingdao"]
[BlackTeam "Shenzhen"]
[WhiteFideId "8606129"]
[BlackFideId "8602689"]
[EventDate "2017.04.18"]

1. e4 b6 2. d4 Bb7 3. Bd3 e6 4. Nf3 c5 5. c3 Ne7 6. h4 d6 7. Bf4 a6 8. Na3 Nbc6
9. Qe2 cxd4 10. cxd4 d5 11. e5 Nb4 12. Bb1 Nec6 13. Bg5 Qd7 14. O-O h6 15. Be3
Be7 16. Nc2 Nxc2 17. Qxc2 g5 18. hxg5 hxg5 19. Nxg5 Nxd4 20. Bxd4 Bxg5 21. f4
Be7 22. f5 Rc8 23. Qf2 Rc4 24. Rd1 Qc6 25. fxe6 Rxd4 26. Qxf7+ Kd8 27. Bh7 Qc5 0-1